000 00463nam a2200181Ia 4500
001 24442
005 20260414151043.0
008 260414t2010||||xx |||||||||||||| ||spa||
041 _aESP
082 _a345.7
_bM84
100 _aMonroy Gálvez, Juan F.
_eAUT
245 0 _aLa formación del proceso civil peruano :
_bescritos reunidos
260 _c2010
300 _a1172 páginas :
_c24 cm.
650 _aDER
654 _aCDE
942 _cLIB
_dJUS
_fJUS
_2ddc
_n
999 _c24442
_d24442